000 00480nam a2200193Ia 4500
003 GCL
008 140319s9999 xx 000 0 aRus d
040 _aGCL /
_cGCL
082 0 4 _a863
_bN E
100 1 _aNIEVA, FRANCISCO
245 1 0 _aEL VIAJE A PANTAELICA /
_cNIEVA, FRANCISCO
260 _a[S.N] :
_bSEIX BARRAL ،
_c1994
300 _a435
650 0 4 _aLITERATURE
650 0 4 _aFICTION
650 0 4 _aSPANISH LITERATURE
650 0 4 _aSPANISH FICTION
942 _2ddc
_cBK
999 _c12905
_d12905